header

Protozoal abortion in farm ruminants (Record no. 247849)

MARC details
000 -LEADER
fixed length control field 01266nam a2200313Ia 4500
082 04 - DEWEY DECIMAL CLASSIFICATION NUMBER
Classification number 636.2/0898392
245 00 - TITLE STATEMENT
Title Protozoal abortion in farm ruminants
260 ## - PUBLICATION, DISTRIBUTION, ETC. (IMPRINT)
Place of publication Wallingford, Oxfordshire, UK ;
-- Cambridge, MA :
Name of publisher CABI,
Year of publication 2007.
300 ## - PHYSICAL DESCRIPTION
Number of Pages xvii, 309 p.
650 #0 - SUBJECT ADDED ENTRY--TOPICAL TERM
Topical Term Abortion in animals.
Topical Term Ruminants
Topical Term Protozoan diseases.
700 1# - ADDED ENTRY--PERSONAL NAME
Personal name Ortega-Mora, Luis.
856 40 - ELECTRONIC LOCATION AND ACCESS
Uniform Resource Identifier http://site.ebrary.com/lib/rucke/Doc?id=10167233

No items available.

© 2026 Rongo University
Contact us: librarian | system librarian | Rongo university